[Event "USCL Week 9"]
[Site "Internet Chess Club"]
[Date "2012.10.29"]
[Round "?"]
[White "Schroer, Jonathan"]
[Black "Sadorra, Julio"]
[Result "0-1"]
[WhiteElo "2414"]
[BlackElo "2598"]
[PlyCount "94"]
[EventDate "2012.??.??"]

1. d4 d5 2. c4 e6 3. Nf3 c5 4. cxd5 exd5 5. Nc3 Nc6 6. g3 Nf6 7. Bg2 Be7 8. O-O
O-O 9. dxc5 Bxc5 10. Bg5 d4 11. Bxf6 Qxf6 12. Nd5 Qd8 13. Nd2 a6 14. Rc1 Ba7
15. Nc4 Re8 16. Re1 Bg4 17. Qd2 Rc8 18. h3 Be6 19. Nb4 Nxb4 20. Qxb4 d3 21. Nd6
a5 22. Rxc8 Bxc8 23. Qf4 Rxe2 24. Qxf7+ Kh8 25. Qd5 Rxe1+ 26. Kh2 Qd7 27. Nf7+
Kg8 28. Nh6+ Kf8 29. Qg8+ Ke7 30. Qxg7+ Kd8 31. Nf7+ Kc7 32. Qc3+ Kb8 33. Qxe1
Qxf7 34. f4 Qd7 35. Qd2 Qd4 36. g4 Qg1+ 37. Kg3 Be3 38. Qxd3 Qf2+ 39. Kh2 Bxf4+
40. Kh1 Qe1+ 41. Qf1 Qg3 42. Kg1 Be6 43. Qd1 Be3+ 44. Kh1 Bd5 45. Qxd5 Qe1+ 46.
Bf1 Qxf1+ 47. Kh2 Bf4# 0-1

[Event "USCL Week 9"]
[Site "Internet Chess Club"]
[Date "2012.10.29"]
[Round "?"]
[White "Guenther, Travis"]
[Black "Mu, Joshua"]
[Result "0-1"]
[WhiteElo "1969"]
[BlackElo "2242"]
[PlyCount "70"]
[EventDate "2012.??.??"]

1. d4 Nf6 2. c4 g6 3. Nc3 d5 4. cxd5 Nxd5 5. e4 Nxc3 6. bxc3 Bg7 7. Bc4 O-O 8.
Ne2 c5 9. O-O Nc6 10. Be3 Qc7 11. Rc1 Rd8 12. Bf4 Be5 13. Bxe5 Nxe5 14. Bb3 b6
15. f4 Ng4 16. Qd2 Ba6 17. h3 Nf6 18. Qe3 e6 19. Rce1 Qb7 20. Ng3 Bxf1 21. Rxf1
Rac8 22. dxc5 bxc5 23. f5 exf5 24. Nxf5 c4 25. Bc2 Rc7 26. Qg5 Qb6+ 27. Kh1 Re8
28. Nh6+ Kg7 29. Rxf6 Qb2 30. Ba4 Rxe4 31. Nf5+ Kg8 32. Rd6 f6 33. Rd8+ Kf7 34.
Nd6+ Kg7 35. Ne8+ Rxe8 0-1

[Event "USCL Week 9"]
[Site "Internet Chess Club"]
[Date "2012.10.29"]
[Round "?"]
[White "Jones, Craig"]
[Black "Safin, Artur"]
[Result "0-1"]
[WhiteElo "2249"]
[BlackElo "2333"]
[PlyCount "112"]
[EventDate "2012.??.??"]

1. c4 Nf6 2. Nc3 c6 3. e4 d5 4. exd5 cxd5 5. d4 Nc6 6. Nf3 e6 7. cxd5 exd5 8.
Bb5 Be7 9. Ne5 Bd7 10. Bxc6 Bxc6 11. O-O O-O 12. Nxc6 bxc6 13. Be3 Qa5 14. Qa4
Qb6 15. Qc2 Ng4 16. Na4 Qc7 17. g3 Nxe3 18. fxe3 Rfe8 19. Rfe1 Bg5 20. e4 dxe4
21. Rxe4 Be3+ 22. Kg2 Qd7 23. Rd1 Rxe4 24. Qxe4 Re8 25. Nc5 Rxe4 26. Nxd7 Bxd4
27. Nb8 c5 28. Nc6 Re2+ 29. Kh3 Bf6 30. Rc1 Rxb2 31. Rxc5 Rxa2 32. Nxa7 h5 33.
Nc6 g5 34. g4 hxg4+ 35. Kg3 Kg7 36. Ne5 Bxe5+ 37. Rxe5 Kg6 38. Rb5 Ra3+ 39. Kg2
f5 40. Rb2 f4 41. Rb6+ Kh5 42. Rb8 g3 43. Rh8+ Kg4 44. h3+ Kf5 45. Rf8+ Ke5 46.
Re8+ Kf6 47. Rf8+ Kg7 48. Rf5 Kg6 49. Rb5 Kh5 50. Rb8 Ra2+ 51. Kg1 f3 52. Rb1
Rg2+ 53. Kh1 Rh2+ 54. Kg1 f2+ 55. Kf1 Rh1+ 56. Kg2 Rxb1 0-1

[Event "USCL Week 9"]
[Site "Internet Chess Club"]
[Date "2012.10.29"]
[Round "?"]
[White "Holt, Conrad"]
[Black "Korley, Kassa"]
[Result "1/2-1/2"]
[WhiteElo "2569"]
[BlackElo "2353"]
[PlyCount "170"]
[EventDate "2012.??.??"]

1. d4 Nf6 2. c4 g6 3. Nc3 Bg7 4. e4 d6 5. Nf3 O-O 6. h3 e5 7. d5 Nh5 8. g3 Qe8
9. Be2 f5 10. exf5 gxf5 11. Nh4 Nf6 12. Qc2 Na6 13. a3 Nc5 14. b4 Nce4 15. Nxe4
Nxe4 16. g4 Nc3 17. gxf5 Nxe2 18. Qxe2 Bxf5 19. Rg1 Bg6 20. Nxg6 hxg6 21. Be3
e4 22. Rb1 Rf3 23. h4 Kh7 24. Kd1 Bf6 25. Kc2 Qe5 26. Kb3 a5 27. b5 a4+ 28. Ka2
Qf5 29. b6 Rc8 30. bxc7 Rxc7 31. Rb4 Bxh4 32. Rh1 g5 33. Qb2 Kg6 34. Rb6 Rxc4
35. Rxd6+ Kh5 36. Rd8 Qf6 37. Rg8 Qxb2+ 38. Kxb2 Rf5 39. d6 Rb5+ 40. Ka1 Rc3
41. Ka2 Rd3 42. Re8 Rxd6 43. Rxe4 Kg6 44. Rg4 Kf7 45. Rxa4 Bxf2 46. Rf1 Rf5 47.
Bxg5 Kg6 48. Bf4 Rd4 49. Rxd4 Bxd4 50. Rf3 Kh5 51. a4 b6 52. Be3 Rxf3 53. Bxd4
Rf4 54. Bxb6 Rxa4+ 55. Kb3 Rg4 56. Kc3 Kg6 57. Kd3 Kf5 58. Bc7 Ke6 59. Ke3 Kd5
60. Bf4 Rh4 61. Bc7 Rc4 62. Bb8 Rc3+ 63. Kf4 Rc1 64. Kf3 Rc3+ 65. Kf4 Rc8 66.
Ba7 Rc7 67. Bb6 Rb7 68. Bd8 Rb5 69. Bc7 Rb4+ 70. Kf3 Rb2 71. Kf4 Rc2 72. Bb8
Rb2 73. Bc7 Rf2+ 74. Ke3 Ra2 75. Kf4 Ra8 76. Ke3 Re8+ 77. Kf3 Kd4 78. Bb6+ Ke5
79. Ke3 Re7 80. Ba5 Ra7 81. Bc3+ Kd5 82. Bb2 Rb7 83. Ba1 Rb1 84. Bh8 Rh1 85.
Bb2 Rh3+ 1/2-1/2

[Event "USCL Week 9"]
[Site "Internet Chess Club"]
[Date "2012.10.29"]
[Round "?"]
[White "Kiewra, Keaton"]
[Black "Perez, Robert"]
[Result "1/2-1/2"]
[WhiteElo "2436"]
[BlackElo "2504"]
[PlyCount "54"]
[EventDate "2012.??.??"]

1. d4 Nf6 2. c4 g6 3. Nc3 d5 4. Nf3 Bg7 5. Bg5 Ne4 6. Bf4 Nxc3 7. bxc3 c5 8. e3
O-O 9. cxd5 cxd4 10. cxd4 Qxd5 11. Be2 Nc6 12. O-O Bf5 13. Qa4 Qa5 14. Qb3 Qb4
15. Rfc1 Rac8 16. Rc4 Qxb3 17. axb3 Be6 18. Rcc1 Bxb3 19. Bb5 Bd5 20. Bxc6 Rxc6
21. Rxc6 Bxc6 22. Rxa7 f6 23. h4 Rd8 24. Ra2 Kf7 25. Nd2 e5 26. dxe5 fxe5 27.
Bg5 Rb8 1/2-1/2

[Event "USCL Week 9"]
[Site "Internet Chess Club"]
[Date "2012.10.29"]
[Round "?"]
[White "Rodriguez, Eric"]
[Black "Kavutskiy, Konstantin"]
[Result "0-1"]
[WhiteElo "2383"]
[BlackElo "2371"]
[PlyCount "108"]
[EventDate "2012.??.??"]

1. e4 e6 2. Qe2 c5 3. Nf3 Nc6 4. d3 g6 5. g3 Bg7 6. Bg2 Nge7 7. O-O O-O 8. c3
d6 9. Na3 e5 10. Nc2 b6 11. d4 cxd4 12. cxd4 Nxd4 13. Nfxd4 exd4 14. Bg5 h6 15.
Bxe7 Qxe7 16. Qd2 Qe5 17. Nb4 Bb7 18. f4 Qa5 19. f5 Rfe8 20. f6 Bf8 21. Rad1
Bxe4 22. Nc6 Qxd2 23. Rxd2 d5 24. Nxd4 Bb4 25. Rdd1 Rac8 26. Kh1 Bxg2+ 27. Kxg2
Re4 28. Rf2 Bc5 29. Rf4 Rce8 30. Rd2 Rxf4 31. gxf4 Re4 32. Nb3 Be3 33. Rxd5
Rxf4 34. Re5 Bc5 35. Nxc5 bxc5 36. Rxc5 Rxf6 37. Rc7 a6 38. b4 Rb6 39. a3 Rd6
40. Rc3 Kg7 41. Kf3 Rd2 42. h3 h5 43. Rb3 Ra2 44. Ke4 Kh6 45. Rg3 f5+ 46. Ke5
h4 47. Rg1 Rxa3 48. Kf6 Rg3 49. Rh1 Kh5 50. Rh2 f4 51. Rf2 g5 52. Kf5 Rxh3 53.
Rc2 Rd3 54. Rc8 Rd5+ 0-1

[Event "USCL Week 9"]
[Site "Internet Chess Club"]
[Date "2012.10.29"]
[Round "?"]
[White "Kraai, Jesse"]
[Black "Orlov, Georgi"]
[Result "0-1"]
[WhiteElo "2567"]
[BlackElo "2523"]
[PlyCount "74"]
[EventDate "2012.??.??"]

1. e4 d6 2. d4 Nf6 3. Nc3 g6 4. Nf3 Bg7 5. Be2 O-O 6. O-O c6 7. Re1 Qc7 8. Bf4
Nh5 9. Be3 e5 10. Qd2 Nd7 11. Rad1 b5 12. dxe5 dxe5 13. Qd6 Qb7 14. Nd2 Nf4 15.
Nb3 Nxe2+ 16. Rxe2 a5 17. Red2 Re8 18. Nc5 Nxc5 19. Qxc5 Be6 20. a4 b4 21. Ne2
b3 22. c3 Qa6 23. Bg5 Bf8 24. Qe3 Qc4 25. Bf6 Bg4 26. h3 Bxe2 27. Qxe2 Qxa4 28.
Rd7 Qb5 29. Qf3 Qc4 30. Rb7 a4 31. Rdd7 a3 32. bxa3 Rab8 33. Rxb8 Rxb8 34. Bxe5
Qe6 35. Bxb8 Qxd7 36. c4 b2 37. Qb3 Qd2 0-1

[Event "USCL Week 9"]
[Site "Internet Chess Club"]
[Date "2012.10.29"]
[Round "?"]
[White "Korba, Nicky"]
[Black "Rosenthal, Nicholas"]
[Result "1/2-1/2"]
[WhiteElo "2007"]
[BlackElo "2146"]
[PlyCount "135"]
[EventDate "2012.??.??"]

1. e4 e6 2. d4 d5 3. Nd2 Nf6 4. e5 Nfd7 5. Bd3 c5 6. c3 Nc6 7. Ne2 cxd4 8. cxd4
f6 9. exf6 Nxf6 10. Nf3 Bd6 11. O-O Qc7 12. Bg5 O-O 13. Bh4 e5 14. dxe5 Nxe5
15. Nxe5 Bxe5 16. Bg3 Bg4 17. Rc1 Qe7 18. Re1 Nd7 19. Qc2 h5 20. Bh7+ Kh8 21.
Nf4 Rxf4 22. Bxf4 Qf6 23. Bxe5 Nxe5 24. Bd3 Rf8 25. h3 Bxh3 26. Rxe5 Qxe5 27.
gxh3 Qg5+ 28. Kh2 Qf4+ 29. Kg1 Qh4 30. Bf1 d4 31. Rd1 Rf6 32. Qc8+ Kh7 33. Bd3+
g6 34. Qc7+ Kh6 35. Qg3 Qg5 36. Qxg5+ Kxg5 37. Kg2 Rd6 38. Rc1 b6 39. Re1 Kf6
40. Re4 Rd5 41. Re8 Rd6 42. Kf3 a5 43. Re4 Rd5 44. Ke2 b5 45. Rf4+ Kg5 46. Re4
a4 47. a3 Kf6 48. Re8 Rd6 49. Rb8 Kg5 50. Rxb5+ Kh4 51. Be4 Kxh3 52. Rb4 Re6
53. Rxd4 Rb6 54. Rb4 Re6 55. Rxa4 g5 56. Kf1 g4 57. Bg2+ Kh2 58. Ba8 Rb6 59.
Rb4 Ra6 60. Rb8 h4 61. Be4 Rf6 62. Rh8 h3 63. Rg8 g3 64. Bf3 Rxf3 65. Rxg3 Rxg3
66. fxg3 Kh1 67. g4 h2 68. Kf2 1/2-1/2

[Event "USCL Week 9"]
[Site "Internet Chess Club"]
[Date "2012.10.29"]
[Round "?"]
[White "Sinanan, Joshua"]
[Black "Lee, Andy"]
[Result "0-1"]
[WhiteElo "2263"]
[BlackElo "2300"]
[PlyCount "118"]
[EventDate "2012.??.??"]

1. d4 Nf6 2. c4 c5 3. d5 b5 4. cxb5 a6 5. bxa6 g6 6. Nc3 Bxa6 7. Nf3 d6 8. e4
Bxf1 9. Kxf1 Bg7 10. g3 O-O 11. Kg2 Nbd7 12. a4 Ra6 13. Qc2 Qa8 14. Nb5 Ne8 15.
Bg5 f6 16. Bd2 Qb7 17. Bc3 Nc7 18. Nxc7 Qxc7 19. b3 Qb7 20. Rhe1 Bh6 21. Kg1
Ne5 22. Nxe5 fxe5 23. Reb1 Raa8 24. Kg2 Qa6 25. Rf1 Rab8 26. Rab1 Rb7 27. Rb2
Be3 28. Rbb1 Bd4 29. Bxd4 exd4 30. f4 Rb4 31. Rbd1 c4 32. bxc4 Rxc4 33. Qe2
Qxa4 34. f5 Rc2 35. Rd2 d3 36. Qxd3 Rxd2+ 37. Qxd2 Qxe4+ 38. Kg1 Rxf5 39. Re1
Qc4 40. Rd1 Re5 41. Qa5 Kg7 42. Qd2 Re2 43. Qd4+ Qxd4+ 44. Rxd4 Kf6 45. Rf4+
Ke5 46. Rf7 Kxd5 47. Rxh7 Ke6 48. Rh4 d5 49. Ra4 Ke5 50. h4 d4 51. Kf1 Rb2 52.
g4 Rh2 53. h5 gxh5 54. gxh5 Ke4 55. Ra7 e5 56. Rh7 d3 57. h6 d2 58. Rd7 Ke3 59.
h7 Rxh7 0-1

[Event "USCL Week 9"]
[Site "Internet Chess Club"]
[Date "2012.10.29"]
[Round "?"]
[White "Chakraborty, Dipro"]
[Black "Hendrickson, Nolan"]
[Result "1-0"]
[WhiteElo "2306"]
[BlackElo "2202"]
[PlyCount "125"]
[EventDate "2012.??.??"]

1. d4 d5 2. c4 c6 3. Nf3 Nf6 4. e3 Bg4 5. Bd3 e6 6. O-O Nbd7 7. Nbd2 Be7 8. b3
O-O 9. Bb2 Bh5 10. Qe2 c5 11. cxd5 Nxd5 12. Rac1 cxd4 13. Bxd4 Bf6 14. Bxf6
N7xf6 15. Nc4 Qe7 16. Nce5 Rac8 17. Qb2 Rfd8 18. Rxc8 Rxc8 19. Rc1 Rc7 20. Rc4
Nb6 21. Rc2 Nfd5 22. g4 Bg6 23. Nxg6 hxg6 24. Qe5 Rxc2 25. Bxc2 Nd7 26. Qd4 Qa3
27. Be4 N7f6 28. Bxd5 Nxd5 29. Qc4 Qe7 30. Qc8+ Kh7 31. h4 Nb6 32. Qb8 f6 33.
Qxa7 Qb4 34. Nh2 Nd5 35. Qb8 b6 36. Qc8 Qe4 37. Qc1 b5 38. a3 f5 39. h5 gxh5
40. gxh5 Nf6 41. Qd1 e5 42. a4 bxa4 43. bxa4 f4 44. exf4 Qxf4 45. Nf1 e4 46.
Ng3 Kh6 47. Qc2 Qe5 48. Kg2 Nxh5 49. Qxe4 Qf6 50. Nxh5 Qd8 51. Ng3 g6 52. Qf4+
Kh7 53. Qf7+ Kh6 54. Qb7 Qd2 55. Qb5 Qd8 56. a5 Qa8+ 57. Kg1 Qc8 58. a6 Qc7 59.
Qb7 Qc1+ 60. Kg2 Kg5 61. a7 Kh4 62. Qe4+ Kg5 63. Qe3+ 1-0

[Event "USCL Week 9"]
[Site "Internet Chess Club"]
[Date "2012.10.29"]
[Round "?"]
[White "Wheeler, Cameron"]
[Black "Feng, Roland"]
[Result "1/2-1/2"]
[WhiteElo "2200"]
[BlackElo "2204"]
[PlyCount "159"]
[EventDate "2012.??.??"]

1. c4 Nf6 2. g3 e5 3. Bg2 Nc6 4. Nc3 Bc5 5. d3 O-O 6. e3 h6 7. a3 a6 8. Nge2 d6
9. O-O Ba7 10. b4 Rb8 11. Rb1 Ne7 12. a4 Be6 13. b5 axb5 14. axb5 c6 15. Qb3
Nd7 16. d4 Nb6 17. d5 cxd5 18. cxd5 Bg4 19. f3 Bh5 20. Kh1 Nd7 21. Na4 Nc5 22.
Nxc5 Bxc5 23. Nc3 Bg6 24. Ra1 f5 25. Na4 b6 26. Bd2 Bf7 27. Nc3 Qd7 28. e4 fxe4
29. fxe4 Bd4 30. Rae1 Bg6 31. Nb1 Rxf1+ 32. Rxf1 Qg4 33. Qf3 Qxf3 34. Bxf3 Rc8
35. Na3 Bc3 36. Nb1 Bxd2 37. Nxd2 Rc2 38. Rd1 Kf7 39. Be2 Ng8 40. Bd3 Rc3 41.
Bb1 Nf6 42. Kg1 Ke7 43. Re1 Rc5 44. Bd3 Nxd5 45. Nc4 Nb4 46. Bf1 Nc2 47. Rb1
Bxe4 48. Nxb6 Nd4 49. Rb2 Rc1 50. Kf2 Kd8 51. Bc4 Kc7 52. Nd5+ Kb7 53. Ne3 Nc2
54. Bd5+ Bxd5 55. Nxd5 Na3 56. Ne7 Rc7 57. Nc6 Nxb5 58. Nxe5 dxe5 59. Rxb5+ Kc6
60. Rxe5 Kd6 61. Re2 Rf7+ 62. Kg2 Rf5 63. g4 Re5 64. Ra2 Ke6 65. Kf3 Kf6 66. h4
Re6 67. Ra5 Re5 68. Ra6+ Re6 69. Ra4 g6 70. Ra7 Rb6 71. Ra4 Rb3+ 72. Kf4 g5+
73. hxg5+ hxg5+ 74. Ke4 Rb6 75. Kd5 Rb5+ 76. Kd4 Rb6 77. Rc4 Rd6+ 78. Ke4 Re6+
79. Kf3 Rd6 80. Rc5 1/2-1/2

[Event "USCL Week 9"]
[Site "Internet Chess Club"]
[Date "2012.10.29"]
[Round "?"]
[White "Altounian, Levon"]
[Black "Kannappan, Priyadharshan"]
[Result "1/2-1/2"]
[WhiteElo "2493"]
[BlackElo "2457"]
[PlyCount "242"]
[EventDate "2012.??.??"]

1. Nf3 c5 2. c4 Nc6 3. g3 e5 4. Bg2 g6 5. Nc3 Bg7 6. a3 Nge7 7. b4 e4 8. Ng5 f5
9. bxc5 Qa5 10. Bb2 O-O 11. h4 h6 12. Nh3 Qxc5 13. Rc1 Ne5 14. d4 exd3 15. exd3
Ng4 16. O-O d6 17. Re1 Rf7 18. Na4 Qc7 19. Bxg7 Rxg7 20. c5 Kh7 21. Nf4 dxc5
22. Nxc5 Qd6 23. d4 Nc6 24. h5 gxh5 25. d5 Nce5 26. Qd4 h4 27. Nh5 hxg3 28. f4
Re7 29. fxe5 Nxe5 30. Nd3 Nxd3 31. Rxe7+ Qxe7 32. d6 Qe5 33. Qxd3 Bd7 34. Qc3
Qxc3 35. Rxc3 Kg6 36. Nxg3 Kf6 37. Rc7 Bc6 38. Bxc6 bxc6 39. Rxc6 Ke6 40. Ra6
Rd8 41. d7+ Kxd7 42. Nxf5 Kc7 43. Rxa7+ Kb6 44. Ra4 Rd3 45. Kf2 h5 46. Ke2 Rh3
47. Ne3 h4 48. Rf4 Kb5 49. Rf3 Rh2+ 50. Rf2 Rh1 51. Rf1 Rh2+ 52. Rf2 Rh1 53.
Nc2 Ka4 54. Kd2 Kb3 55. Rf3+ Kb2 56. Nd4 h3 57. a4 h2 58. Rb3+ Ka2 59. Rh3 Kb2
60. Rb3+ Ka2 61. Rh3 Kb2 62. Rh4 Ka3 63. Nf3 Rb1 64. Ne1 Rb2+ 65. Kc3 Rb3+ 66.
Kc2 Rb2+ 67. Kd3 Rb3+ 68. Kd2 Rb2+ 69. Ke3 h1=Q 70. Rxh1 Kxa4 71. Nd3 Rg2 72.
Rb1 Ka5 73. Kd4 Ka6 74. Ne5 Rc2 75. Nc4 Rh2 76. Kd5 Rh8 77. Nd6 Ka5 78. Kc6 Ka4
79. Nc4 Rh6+ 80. Kd5 Rh5+ 81. Ne5 Ka3 82. Kd4 Rh4+ 83. Kc3 Rh3+ 84. Nd3 Ka4 85.
Rb2 Ka5 86. Kc4 Rh4+ 87. Kd5 Ka4 88. Rb8 Ka3 89. Kc5 Rh5+ 90. Kc4 Rh4+ 91. Kc3
Ka4 92. Ne5 Ka5 93. Nc4+ Ka6 94. Kb4 Ka7 95. Rb5 Rh1 96. Rg5 Kb7 97. Kc5 Kc7
98. Rg7+ Kd8 99. Nd6 Rc1+ 100. Kb6 Rb1+ 101. Kc6 Rc1+ 102. Kd5 Rd1+ 103. Ke5
Re1+ 104. Ne4 Kc8 105. Kd5 Rd1+ 106. Kc6 Rc1+ 107. Nc5 Kd8 108. Rf7 Ke8 109.
Rh7 Rd1 110. Ne4 Kf8 111. Nf6 Rf1 112. Nd7+ Kg8 113. Re7 Rd1 114. Ne5 Kf8 115.
Ng6+ Kg8 116. Nf4 Rf1 117. Ne6 Rd1 118. Kc5 Rc1+ 119. Kd5 Rd1+ 120. Ke5 Rf1
121. Ra7 Kh8 1/2-1/2

[Event "USCL Week 9"]
[Site "?"]
[Date "2012.10.30"]
[Round "?"]
[White "Yedidia, Jonathan"]
[Black "Shmelov, Denys"]
[Result "1/2-1/2"]
[WhiteElo "2433"]
[BlackElo "2502"]
[PlyCount "101"]
[EventDate "2012.??.??"]

1. d4 d5 2. c4 c6 3. Nf3 Nf6 4. e3 Bf5 5. Nc3 e6 6. Nh4 Bg6 7. Nxg6 hxg6 8. Bd3
Nbd7 9. O-O Qc7 10. f4 Be7 11. Qf3 O-O 12. b3 a6 13. Bd2 b6 14. g4 Rfd8 15.
Rac1 Ba3 16. Rc2 Qd6 17. g5 Nh7 18. cxd5 cxd5 19. Nb1 Bb4 20. Rfc1 Bxd2 21.
Nxd2 Qf8 22. Rc7 Rdc8 23. Qf1 Rxc7 24. Rxc7 Qd6 25. Qc1 Nc5 26. Rxc5 bxc5 27.
dxc5 Qc7 28. Nf3 Nf8 29. b4 Nd7 30. Qc3 a5 31. a3 axb4 32. axb4 e5 33. Nxe5
Nxe5 34. Qxe5 Qxe5 35. fxe5 Ra3 36. Bb5 Rb3 37. Bc6 Rxb4 38. Bxd5 Rb5 39. e6
fxe6 40. Bxe6+ Kf8 41. c6 Rxg5+ 42. Kf2 Rc5 43. Bd7 Ke7 44. Kf3 Kd6 45. Ke4 Rc1
46. h3 Rd1 47. Kf4 Rf1+ 48. Ke4 Rd1 49. Kf4 Rf1+ 50. Ke4 Rd1 51. Kf4 1/2-1/2

[Event "USCL Week 9"]
[Site "?"]
[Date "2012.10.30"]
[Round "?"]
[White "Gulamali, Kazim"]
[Black "Bournival, Braden"]
[Result "1-0"]
[WhiteElo "2419"]
[BlackElo "2385"]
[PlyCount "53"]
[EventDate "2012.??.??"]

1. e4 c6 2. d4 d5 3. f3 dxe4 4. fxe4 e5 5. Nf3 Bg4 6. Bc4 Nd7 7. c3 Bxf3 8.
Qxf3 Ngf6 9. Be3 Bd6 10. Nd2 Qc7 11. g4 h6 12. h4 O-O-O 13. O-O-O c5 14. d5 Qa5
15. g5 Ne8 16. Nb3 Qxa2 17. Kc2 Qa4 18. Qe2 Nb6 19. Bb5 Qxe4+ 20. Bd3 Qa4 21.
Ra1 Qd7 22. Rxa7 Nc7 23. Nxc5 Bxc5 24. Bxc5 Na4 25. Bf2 e4 26. Qxe4 Nxb2 27. d6
1-0

[Event "USCL Week 9"]
[Site "?"]
[Date "2012.10.30"]
[Round "?"]
[White "Enkhbat, Tegshsuren"]
[Black "Vovsha, Eli"]
[Result "0-1"]
[WhiteElo "2509"]
[BlackElo "2514"]
[PlyCount "136"]
[EventDate "2012.??.??"]

1. d4 Nf6 2. c4 g6 3. Nf3 Bg7 4. g3 d5 5. cxd5 Nxd5 6. Bg2 Nb6 7. Nc3 Nc6 8. e3
O-O 9. O-O Re8 10. Re1 a5 11. Qe2 Bg4 12. h3 Be6 13. b3 a4 14. Rb1 axb3 15.
axb3 Qc8 16. Kh2 Rd8 17. Rd1 Ra5 18. Ne4 Nd5 19. Bb2 Bf5 20. Nh4 Bxe4 21. Bxe4
Ra2 22. Qe1 Qe6 23. Bg2 f5 24. Nf3 Bf6 25. Kg1 Rd7 26. Rd2 Na5 27. Qd1 Qb6 28.
Ba1 Rxd2 29. Qxd2 e6 30. Ne5 Bxe5 31. dxe5 Qb4 32. Qc2 c5 33. e4 Ne7 34. Bc3
Qb5 35. b4 Nac6 36. bxc5 Qxc5 37. Qb3 Kf7 38. Be1 Qxe5 39. f4 Qd4+ 40. Bf2 Qd2
41. exf5 Nxf5 42. Re1 Ncd4 43. Qc4 b5 44. Qc8 Re7 45. Ra1 Ne2+ 46. Kh2 Qc3 47.
Qa8 Ned4 48. Ra7 Qd2 49. Ra2 Qd3 50. Qh8 Nf3+ 51. Bxf3 Qxf3 52. Qxh7+ Kf6 53.
Qh8+ Kf7 54. Qe5 Qd5 55. Qb2 Rd7 56. Ra5 Qd1 57. Rxb5 Rd2 58. Rb7+ Ne7 59. Qb6
Qe2 60. Kg2 Qe4+ 61. Kh2 Rxf2+ 62. Qxf2 Qxb7 63. h4 Qe4 64. Qb2 Nf5 65. Qa2 Ne3
66. Qa7+ Kf6 67. Qa1+ Kf5 68. Qa5+ Qd5 0-1

[Event "USCL Week 9"]
[Site "?"]
[Date "2012.10.30"]
[Round "?"]
[White "Mandizha, Farai"]
[Black "Balasubramanian, Adithya"]
[Result "1-0"]
[WhiteElo "2484"]
[BlackElo "2345"]
[PlyCount "59"]
[EventDate "2012.??.??"]

1. Nf3 d6 2. d4 Nf6 3. g3 Nc6 4. Bg2 e5 5. O-O e4 6. Nfd2 d5 7. c4 dxc4 8. e3
Bg4 9. Qa4 Bb4 10. Nxe4 Be2 11. Nxf6+ Qxf6 12. d5 Bxf1 13. dxc6 b5 14. Qxb4
Bxg2 15. Kxg2 Qxc6+ 16. Kg1 a5 17. Qe1 O-O-O 18. Bd2 Qf3 19. Na3 Rd5 20. e4 Rd3
21. Bg5 c3 22. bxc3 h6 23. Be3 Rhd8 24. Bd4 R8xd4 25. cxd4 Rxa3 26. d5 b4 27.
Qf1 Qxe4 28. Qa6+ Kd8 29. Qa8+ Ke7 30. d6+ 1-0

[Event "USCL Week 9"]
[Site "?"]
[Date "2012.10.30"]
[Round "?"]
[White "Battsetseg, Tsagaan"]
[Black "Smith, Shaun"]
[Result "0-1"]
[WhiteElo "2248"]
[BlackElo "2066"]
[PlyCount "108"]
[EventDate "2012.??.??"]

1. e4 c5 2. Nf3 d6 3. d4 cxd4 4. Nxd4 Nf6 5. Nc3 e6 6. Be3 Be7 7. f3 Nc6 8. Qd2
a6 9. O-O-O Qc7 10. Kb1 Bd7 11. Bd3 Rc8 12. Rhe1 O-O 13. f4 e5 14. Nf3 Qa5 15.
Nd5 Qxd2 16. Bxd2 Rfe8 17. h3 Be6 18. Nb6 Rcd8 19. f5 Bc8 20. Bc4 h6 21. g4 Nd7
22. Be3 Nxb6 23. Bxb6 Rd7 24. a3 Bd8 25. Bxd8 Rexd8 26. g5 hxg5 27. Nxg5 b5 28.
Ba2 Na5 29. Rg1 Nc4 30. Rd3 d5 31. Rdg3 dxe4 32. Bxc4 Rd1+ 33. Ka2 bxc4 34.
Nxe4 Rxg1 35. Rxg1 Bxf5 36. Re1 Rd4 37. Nc5 Bxc2 38. Rxe5 a5 39. a4 f5 40. Ne6
Re4 41. Rxf5 Rxe6 42. Rxa5 Bb3+ 43. Ka3 Rh6 44. Ra8+ Kh7 45. a5 Rxh3 46. a6
Bd1+ 47. Kb4 Rb3+ 48. Kxc4 Rxb2 49. Kc5 Bf3 50. Rf8 Bg2 51. a7 Ra2 52. Kb6 g5
53. Rf6 g4 54. Rf4 Bf3 0-1

[Event "USCL Week 9"]
[Site "?"]
[Date "2012.10.30"]
[Round "?"]
[White "Gelashvili, Tamaz"]
[Black "Fisher, William"]
[Result "1/2-1/2"]
[WhiteElo "2694"]
[BlackElo "2445"]
[PlyCount "109"]
[EventDate "2012.??.??"]

1. e4 e5 2. Bc4 Nf6 3. d3 Nc6 4. Nf3 Bc5 5. c3 O-O 6. Nbd2 d5 7. Bb3 Bg4 8. h3
Bh5 9. Qe2 dxe4 10. dxe4 Qe7 11. Nf1 Bg6 12. Ng3 Na5 13. Bc2 Bb6 14. Nh4 Rfd8
15. Nhf5 Qe6 16. O-O c5 17. Bg5 h6 18. Bh4 c4 19. b4 cxb3 20. axb3 Nc6 21. b4
Ne7 22. Bb3 Qxb3 23. Nxe7+ Kf8 24. Bxf6 gxf6 25. Nd5 Rxd5 26. exd5 Qxc3 27. Ne4
Qxb4 28. Nxf6 Bd4 29. Rad1 Rd8 30. Qg4 Kg7 31. Qh4 Qd6 32. Ng4 h5 33. Ne3 Qf6
34. Qg3 b5 35. h4 b4 36. f4 Qb6 37. fxe5 Bxe3+ 38. Kh1 b3 39. Rf6 Qc5 40. Rdf1
Rf8 41. e6 b2 42. Qe5 Kh6 43. g4 hxg4 44. exf7 b1=Q 45. Rxb1 Kh7 46. Rxg6 Kxg6
47. Qe6+ Kh5 48. Qf5+ Kxh4 49. Kg2 Bc1 50. Qh7+ Kg5 51. Qg7+ Kh5 52. Qh7+ Kg5
53. Qg7+ Kh5 54. Qh7+ Kg5 55. Qg7+ 1/2-1/2

[Event "USCL Week 9"]
[Site "?"]
[Date "2012.10.30"]
[Round "?"]
[White "Checa, Nicolas"]
[Black "Costigan, Richard"]
[Result "1/2-1/2"]
[WhiteElo "2052"]
[BlackElo "2288"]
[PlyCount "95"]
[EventDate "2012.??.??"]

1. d4 d5 2. c4 c6 3. Nf3 Nf6 4. e3 g6 5. Nc3 Bg7 6. Be2 O-O 7. O-O Nbd7 8. cxd5
cxd5 9. Ne5 Nxe5 10. dxe5 Ne4 11. Nxd5 Bxe5 12. f3 Nf6 13. Nxf6+ Bxf6 14. Qxd8
Rxd8 15. Rb1 Be6 16. b3 Rd6 17. Rd1 Rc6 18. Bd3 Rd8 19. Bb2 Rcd6 20. Bxf6 exf6
21. Be2 Rd2 22. Kf2 R8d7 23. a4 Rxd1 24. Rxd1 Rc7 25. Rd8+ Kg7 26. b4 f5 27.
Rd2 Kf6 28. a5 Rc3 29. b5 Ke7 30. f4 Rc5 31. Rb2 Bd5 32. Bf3 Kd6 33. Ke2 Bxf3+
34. gxf3 Rc3 35. a6 b6 36. Rd2+ Kc7 37. Rb2 Ra3 38. Rc2+ Kd7 39. Rd2+ Ke7 40.
Rc2 Kd7 41. Rd2+ Kc7 42. Rc2+ Kd6 43. Rc6+ Kd7 44. Rf6 Ke7 45. Rc6 Kd7 46. Rf6
Ke7 47. Rc6 Kd7 48. Rf6 1/2-1/2

[Event "USCL Week 9"]
[Site "?"]
[Date "2012.10.30"]
[Round "?"]
[White "Stripunsky, Alex"]
[Black "Hess, Robert"]
[Result "0-1"]
[WhiteElo "2673"]
[BlackElo "2719"]
[PlyCount "92"]
[EventDate "2012.??.??"]

1. e4 e5 2. Nf3 Nc6 3. Bb5 a6 4. Ba4 Nf6 5. d3 d6 6. c3 Be7 7. Nbd2 O-O 8. O-O
Bd7 9. Re1 Re8 10. Bb3 Na5 11. Bxf7+ Kxf7 12. b4 Nc6 13. Qb3+ Kf8 14. Ng5 d5
15. exd5 Nxd5 16. Ndf3 Bf5 17. Nxe5 Bxg5 18. Bxg5 Qxg5 19. Qxd5 Nxe5 20. Rxe5
Rxe5 21. Qxe5 Re8 22. Qc5+ Re7 23. b5 axb5 24. Qxb5 c6 25. Qc5 h6 26. h4 Qf6
27. Re1 b6 28. Qa3 c5 29. Qa8+ Kf7 30. Rxe7+ Qxe7 31. Qf3 Qf6 32. d4 cxd4 33.
cxd4 Bd7 34. Qe4 Qf5 35. Qb7 b5 36. Qc7 Qd5 37. Qf4+ Kg8 38. a3 Bf5 39. f3 Bd3
40. Kh2 Qa2 41. Qc1 Bc4 42. Kg3 Qb3 43. Kf4 Qd3 44. Qb2 Qg6 45. Ke3 Qg3 46. Qf2
Qd6 0-1

[Event "USCL Week 9"]
[Site "?"]
[Date "2012.10.30"]
[Round "?"]
[White "Kapengut, Albert"]
[Black "Harris, Ian"]
[Result "1/2-1/2"]
[WhiteElo "2367"]
[BlackElo "2342"]
[PlyCount "38"]
[EventDate "2012.??.??"]

1. e4 e5 2. Nf3 Nc6 3. Bb5 Bc5 4. O-O Qf6 5. c3 Nge7 6. a4 a6 7. Be2 O-O 8. b4
Ba7 9. b5 Nd8 10. d4 Ng6 11. Bg5 Qe6 12. Nbd2 d6 13. g3 h6 14. Be3 Qf6 15. Nc4
Bh3 16. Re1 Re8 17. bxa6 bxa6 18. Rb1 exd4 19. Nxd4 Ne5 1/2-1/2

[Event "USCL Week 9"]
[Site "?"]
[Date "2012.10.30"]
[Round "?"]
[White "Chandran, Kapil"]
[Black "Balakrishnan, Praveen"]
[Result "1-0"]
[WhiteElo "2246"]
[BlackElo "2097"]
[PlyCount "75"]
[EventDate "2012.??.??"]

1. e4 c6 2. d4 d5 3. e5 Bf5 4. h4 h5 5. Bg5 Qb6 6. Bd3 Qxb2 7. Bxf5 Qxa1 8. e6
g6 9. Bd3 Bg7 10. Nf3 f5 11. O-O Na6 12. Qe1 Nh6 13. Ne5 Qxd4 14. Nxg6 Rh7 15.
Nxe7 Nc5 16. Qd1 Ng4 17. Nxf5 Qe5 18. g3 Nxd3 19. Qxd3 Kf8 20. Qa3+ Kg8 21.
Ne7+ Kh8 22. Ng6+ Kg8 23. Nxe5 Bxe5 24. Nd2 Bd4 25. Nf3 Bb6 26. e7 Rf7 27. Kg2
Re8 28. Qd3 Kg7 29. Qc3+ Kg8 30. Qe1 Nf6 31. Bxf6 Rxf6 32. Qe5 Rf7 33. Re1 Bc5
34. Qg5+ Rg7 35. Qxh5 Rexe7 36. Rxe7 Rxe7 37. Qg6+ Kf8 38. Ng5 1-0